000 00669nam a2200217 a 4500
001 000024484
005 20240412074251.0
008 110128s2010 dr r 000 p spa d
020 _a9789945854411
040 _aDO-SdBNP
_bspa
_cBNPHU
082 _aRD861.44
_bR789s
100 1 _aRosario, Bergson
_91182
245 1 0 _aSuspiro de la piel /
_cBergson Rosario.
260 _aSanto Domingo :
_bBúho,
_c2010.
300 _a97 p. ;
_c22 cm.
500 _aIncluye datos biográficos del autor en las solapas
590 _aInventariado, 2018/BT
650 0 _aPoesía dominicana
_966
650 0 _aLiteratura dominicana.
_967
910 _aValidado. Control de calidad. MFF
999 _c23977
_d23977